Le droit des gens, ou Principes de la loi naturelle, appliquee a la conduite et aux affaires des nations et des souverains / (Record no. 167039)

MARC details
000 -LEADER
campo de control de longitud fija 00900nam a22002055i 4500
001 - NÚMERO DE CONTROL
campo de control 167039
003 - IDENTIFICADOR DE NÚMERO DE CONTROL
campo de control ES-MaACL
005 - FECHA Y HORA DE LA ÚLTIMA TRANSACCIÓN
campo de control 20250809025049.0
008 - DATOS DE LONGITUD FIJA--INFORMACIÓN GENERAL
campo de control de longitud fija 000717s1820 fr |||| | fre d
040 ## - FUENTE DE CATALOGACIÓN
Centro catalogador/agencia de origen CCPB | B
Lengua de catalogación spa
Centro/agencia transcriptor CCPB | B
100 1# - ENTRADA PRINCIPAL--NOMBRE DE PERSONA
Nombre de persona Vattel, Emer de (
Fechas asociadas al nombre 1714-1767)
9 (RLIN) 133571
245 13 - MENCIÓN DEL TÍTULO
Título Le droit des gens, ou Principes de la loi naturelle, appliquee a la conduite et aux affaires des nations et des souverains /
Mención de responsabilidad, etc. par M. de Vattel.
250 ## - MENCION DE EDICION
Mención de edición Nouvelle èd. augm., rev. et corr., avec quelques remarques de l'editeur.
260 ## - PUBLICACIÓN, DISTRIBUCIÓN, ETC.
Lugar de publicación, distribución, etc. Paris :
Nombre del editor, distribuidor, etc. chez Rey et Gravier, libraires ;
Lugar de publicación, distribución, etc. Lyon :
Nombre del editor, distribuidor, etc. chez Ant. Balche, libraire,
Fecha de publicación, distribución, etc. 1820.
300 ## - DESCRIPCIÓN FÍSICA
Extensión 2 v. ([4], 428 ; [4], 479 p.) ;
Dimensiones 20 cm.
597 ## - NOTA DE DESCRIPCIÓN FÍSICA
NOTA DE DESCRIPCIÓN FÍSICA WWW CCFr, 05/07/04 indica 2 vol.
650 07 - PUNTO DE ACCESO ADICIONAL DE MATERIA--TÉRMINO DE MATERIA
Término de materia o nombre geográfico como elemento de entrada Derecho internacional público
Fuente del encabezamiento o término embne
9 (RLIN) 11723
852 ## - LOCALIZACIÓN
Ubicación ES-MaACL
Número de control de estantería G-12585-86
Nota libre -- Enc. hol.
condición física -- Sólo t.I-II
Holdings
Estatus retirado Estado de pérdida Estado de daño No para préstamo Colección Biblioteca de origen Biblioteca actual Ubicación en estantería Fecha de adquisición Total de préstamos Signatura topográfica completa Código de barras Visto por última vez Precio de reemplazo Tipo de ítem Koha
        Libros del s. XIX Biblioteca del Ateneo de Madrid Biblioteca del Ateneo de Madrid Sala Pecera Planta 3 17/01/2008   G-12585-86 1175220 23/02/2023 23/02/2023 Libro impreso antiguo